| 000 | 00000nam 2200000zi 4500 |
| 001 | 9.931987 |
| 003 | CaOODSP |
| 005 | 20241120113908 |
| 006 | m o d f |
| 007 | cr |n||||||||| |
| 008 | 231229e199302##qucd ob f|0| 0 fre d |
| 040 | |aCaOODSP|bfre|erda|cCaOODSP |
| 043 | |an-cn-qu |
| 086 | 1 |aCW66-1482/1993F-PDF |
| 100 | 1 |aLefebvre, Josée, |d1970- |eauteur. |
| 245 | 10|aÉtude du régime alimentaire du goéland à bec cerclé à la Réserve nationale de faune des Îles de Contrecoeur / |cpar Josée Lefebvre & Jean-François Giroux. |
| 264 | 1|a[Sainte-Foy, Québec] : |b[Service canadien de la faune], |cfévrier 1993. |
| 300 | |a1 ressource en ligne (vi, 17 pages) : |bgraphiques |
| 336 | |atexte|btxt|2rdacontent/fre |
| 337 | |ainformatique|bc|2rdamedia/fre |
| 338 | |aressource en ligne|bcr|2rdacarrier/fre |
| 500 | |aÉdition numérisée de l’imprimé [par Environnement et changement climatique Canada]. |
| 504 | |aComprend des références bibliographiques. |
| 650 | 6|aGoéland à bec cerclé|xAlimentation|zQuébec (Province) |
| 650 | 0|aRing-billed gull|xFood|zQuébec (Province) |
| 651 | 6|aRéserve nationale de faune des Îles-de-Contrecoeur (Québec) |
| 651 | 0|aÎles de Contrecoeur National Wildlife Area (Québec) |
| 710 | 2 |aService canadien de la faune, |eorganisme de publication. |
| 856 | 40|qPDF|s595 Ko|uhttps://publications.gc.ca/collections/collection_2024/eccc/cw66/CW66-1482-1993-fra.pdf |